000 00683nam a2200241 a 4500
001 24565
003 CO-ViMGA
008 141112s2004 ck r 000 u spa d
020 _a9788493486389
040 _aCO-ViMGA
_bspa
_cCO-ViMGA
090 _aSAVg
100 1 _aSavino, Irene
_936562
245 1 0 _aíGuau! íGuau! /
_cIlustraciones y texto de Irene Savino.
250 _a1a. ed.
260 _aCaracas :
_bEdiciones Ekaré,
_c2007.
300 _a[12] p. : il. ; 14 cm.
490 _aPikinini
650 1 4 _aCanciones infantiles
_91028
650 1 4 _aLibros ilustrados para niños
_92001
650 1 4 _aPrimera infancia
_936563
917 _a2795 20080512
942 _2ddc
_cBK
999 _c32389
_d32389